000 00363nam a2200157 4500
008 190207s2012||||xo d
100 1 _aKozák Jozef
_9869
245 1 0 _aIný svet
250 _a1. vydanie
260 _bBurgrovÍ?va
_aPrešov
_c2012
300 _a164 s.
020 _a978-80-9699-348-2
_c0
041 1 _aslo
044 _axo
_cSK
958 _aAUL
999 _c22099
_d22099